[Event "DVM U20w 2020"]
[Site "Willingen GER"]
[Date "2021.06.26"]
[Round "5"]
[White "Brunner, Sophia"]
[Black "Ulrich, Helena Irene"]
[Result "1-0"]
[Termination "normal"]
[Board "4.1"]
[WhiteElo "1892"]
[BlackElo "1586"]
[WhiteClock "00:30:01"]
[BlackClock "00:28:56"]
[WhiteTeam "SK Nordhorn-Blanke"]
[BlackTeam "SC Borussia Lichtenberg 1"]
[PlyCount "85"]
[WhiteFideId "12960683"]
[BlackFideId "16256000"]
[EventCountry "GER"]
[EventRounds "7"]
[EventType "team-swiss"]
[EventDate "2021.06.23"]

1. d4 {[%clk 01:30:57]} {[%emt 00:00:02]} Nf6 {[%clk 01:30:56]} {[%emt
00:00:04]} 2. Nf3 {[%clk 01:31:17]} {[%emt 00:00:11]} c5 {[%clk 01:31:13]}
{[%emt 00:00:12]} 3. e3 {[%clk 01:30:19]} {[%emt 00:01:28]} d6 {[%clk
01:24:50]} {[%emt 00:06:53]} 4. b3 {[%clk 01:26:04]} {[%emt 00:04:45]} g6
{[%clk 01:19:23]} {[%emt 00:05:57]} 5. Bb2 {[%clk 01:24:08]} {[%emt 00:02:25]}
Bg7 {[%clk 01:17:40]} {[%emt 00:02:14]} 6. c4 {[%clk 01:21:58]} {[%emt
00:02:39]} O-O {[%clk 01:16:46]} {[%emt 00:01:24]} 7. Bd3 {[%clk 01:18:31]}
{[%emt 00:03:58]} e6 {[%clk 01:10:13]} {[%emt 00:07:03]} 8. O-O {[%clk
01:18:03]} {[%emt 00:00:58]} Nc6 {[%clk 01:04:06]} {[%emt 00:06:37]} 9. a3
{[%clk 01:08:23]} {[%emt 00:10:10]} b6 {[%clk 00:54:47]} {[%emt 00:09:48]} 10.
Nbd2 {[%clk 01:07:23]} {[%emt 00:01:31]} Bb7 {[%clk 00:49:55]} {[%emt
00:05:22]} 11. Qc2 {[%clk 01:01:37]} {[%emt 00:06:16]} Qc7 {[%clk 00:44:47]}
{[%emt 00:05:38]} 12. Rfe1 {[%clk 00:55:18]} {[%emt 00:06:49]} Rac8 {[%clk
00:42:07]} {[%emt 00:03:09]} 13. Rad1 {[%clk 00:43:59]} {[%emt 00:11:50]} cxd4
{[%clk 00:21:24]} {[%emt 00:21:13]} 14. Nxd4 {[%clk 00:37:00]} {[%emt
00:07:29]} d5 {[%clk 00:13:59]} {[%emt 00:07:55]} 15. Nb5 {[%clk 00:31:55]}
{[%emt 00:05:35]} Qe7 {[%clk 00:09:45]} {[%emt 00:04:44]} 16. e4 {[%clk
00:22:10]} {[%emt 00:10:15]} a6 {[%clk 00:07:35]} {[%emt 00:02:40]} 17. exd5
{[%clk 00:17:11]} {[%emt 00:05:29]} axb5 {[%clk 00:07:04]} {[%emt 00:01:01]}
18. dxc6 {[%clk 00:17:28]} {[%emt 00:00:13]} Bxc6 {[%clk 00:07:01]} {[%emt
00:00:34]} 19. Qb1 {[%clk 00:16:42]} {[%emt 00:01:15]} bxc4 {[%clk 00:06:03]}
{[%emt 00:01:28]} 20. Nxc4 {[%clk 00:15:25]} {[%emt 00:01:47]} Nd5 {[%clk
00:03:39]} {[%emt 00:02:53]} 21. Be4 {[%clk 00:08:29]} {[%emt 00:07:27]} Qc7
{[%clk 00:03:03]} {[%emt 00:01:06]} 22. Bxg7 {[%clk 00:02:38]} {[%emt
00:06:21]} Kxg7 {[%clk 00:03:29]} {[%emt 00:00:04]} 23. Qb2+ {[%clk 00:03:00]}
{[%emt 00:00:07]} Kg8 {[%clk 00:03:53]} {[%emt 00:00:07]} 24. Bxd5 {[%clk
00:02:18]} {[%emt 00:01:12]} Bxd5 {[%clk 00:04:15]} {[%emt 00:00:08]} 25. Ne3
{[%clk 00:02:14]} {[%emt 00:00:34]} Bb7 {[%clk 00:03:15]} {[%emt 00:01:29]} 26.
Rc1 {[%clk 00:00:48]} {[%emt 00:01:56]} Qe7 {[%clk 00:02:17]} {[%emt 00:01:28]}
27. Ng4 {[%clk 00:00:45]} {[%emt 00:00:34]} f6 {[%clk 00:01:05]} {[%emt
00:01:42]} 28. Rxc8 {[%clk 00:00:41]} {[%emt 00:00:34]} Bxc8 {[%clk 00:01:20]}
{[%emt 00:00:15]} 29. Rc1 {[%clk 00:00:35]} {[%emt 00:00:35]} e5 {[%clk
00:00:52]} {[%emt 00:00:59]} 30. Ne3 {[%clk 00:01:02]} {[%emt 00:00:03]} Bb7
{[%clk 00:01:05]} {[%emt 00:00:16]} 31. b4 {[%clk 00:00:58]} {[%emt 00:00:35]}
Rd8 {[%clk 00:00:51]} {[%emt 00:00:44]} 32. h3 {[%clk 00:00:58]} {[%emt
00:00:31]} Kg7 {[%emt 00:00:15]} 33. Rc3 {[%clk 00:00:44]} {[%emt 00:00:42]}
Rc8 {[%clk 00:00:54]} {[%emt 00:00:42]} 34. Qc2 {[%clk 00:00:45]} {[%emt
00:00:30]} Rxc3 {[%clk 00:01:01]} {[%emt 00:00:24]} 35. Qxc3 {[%clk 00:01:14]}
Qd7 {[%clk 00:01:20]} {[%emt 00:00:10]} 36. Qc4 {[%clk 00:00:46]} {[%emt
00:00:58]} Qc6 {[%clk 00:00:53]} {[%emt 00:00:57]} 37. b5 {[%clk 00:00:35]}
{[%emt 00:00:42]} Qe4 {[%clk 00:00:40]} {[%emt 00:00:42]} 38. Qc7+ {[%clk
00:00:34]} {[%emt 00:00:31]} Kh6 {[%clk 00:00:37]} {[%emt 00:00:33]} 39. Qxb6
{[%clk 00:00:39]} {[%emt 00:00:25]} Qb1+ {[%clk 00:00:42]} {[%emt 00:00:25]}
40. Kh2 {[%clk 00:00:53]} {[%emt 00:00:16]} Qe4 {[%clk 00:01:04]} {[%emt
00:00:08]} 41. Ng4+ {[%clk 00:29:59]} {[%emt 00:01:24]} Kg5 {[%clk 00:28:35]}
{[%emt 00:02:59]} 42. Qxf6+ {[%clk 00:30:06]} {[%emt 00:00:23]} Kh5 {[%clk
00:28:56]} {[%emt 00:00:09]} 43. Qxe5+ {[%clk 00:30:01]} {[%emt 00:00:34]} 1-0

[Event "DVM U20w 2020"]
[Site "Willingen GER"]
[Date "2021.06.26"]
[Round "5"]
[White "Berghold, Lotta"]
[Black "Rudolph, Eva"]
[Result "1/2-1/2"]
[Termination "normal"]
[Board "4.2"]
[WhiteElo "1387"]
[BlackElo "1860"]
[WhiteClock "00:09:16"]
[BlackClock "00:13:28"]
[WhiteTeam "SC Borussia Lichtenberg 1"]
[BlackTeam "SK Nordhorn-Blanke"]
[PlyCount "94"]
[WhiteFideId "16243463"]
[BlackFideId "16200594"]
[EventCountry "GER"]
[EventRounds "7"]
[EventType "team-swiss"]
[EventDate "2021.06.23"]

1. d4 {[%clk 01:30:57]} {[%emt 00:00:02]} d5 {[%clk 01:30:56]} {[%emt
00:00:06]} 2. Nf3 {[%clk 01:31:22]} {[%emt 00:00:04]} Nf6 {[%clk 01:31:20]}
{[%emt 00:00:06]} 3. e3 {[%clk 01:31:48]} {[%emt 00:00:04]} g6 {[%clk
01:31:43]} {[%emt 00:00:08]} 4. Bd3 {[%clk 01:32:09]} {[%emt 00:00:08]} Bg7
{[%clk 01:32:08]} {[%emt 00:00:05]} 5. O-O {[%clk 01:31:05]} {[%emt 00:01:33]}
O-O {[%clk 01:32:03]} {[%emt 00:00:35]} 6. b3 {[%clk 01:31:15]} {[%emt
00:00:20]} Bf5 {[%clk 01:31:05]} {[%emt 00:01:29]} 7. Bxf5 {[%clk 01:24:41]}
{[%emt 00:07:03]} gxf5 {[%clk 01:31:28]} {[%emt 00:00:07]} 8. Bb2 {[%clk
01:25:06]} {[%emt 00:00:05]} Kh8 {[%clk 01:21:58]} {[%emt 00:10:00]} 9. Nbd2
{[%clk 01:19:10]} {[%emt 00:06:26]} Nbd7 {[%clk 01:20:09]} {[%emt 00:02:20]}
10. c4 {[%clk 01:18:44]} {[%emt 00:00:55]} c6 {[%clk 01:18:44]} {[%emt
00:01:55]} 11. Nh4 {[%clk 01:09:35]} {[%emt 00:09:39]} e6 {[%clk 01:17:09]}
{[%emt 00:02:05]} 12. g3 {[%clk 01:07:02]} {[%emt 00:03:03]} Rg8 {[%clk
01:11:58]} {[%emt 00:05:41]} 13. cxd5 {[%clk 01:06:44]} {[%emt 00:00:48]} cxd5
{[%clk 01:11:58]} {[%emt 00:00:31]} 14. Rc1 {[%clk 01:06:38]} {[%emt 00:00:36]}
Bf8 {[%clk 00:55:33]} {[%emt 00:16:54]} 15. Ndf3 {[%clk 01:05:10]} {[%emt
00:01:57]} Ne4 {[%clk 00:53:32]} {[%emt 00:02:32]} 16. Rc2 {[%clk 01:03:17]}
{[%emt 00:02:23]} Bd6 {[%clk 00:48:16]} {[%emt 00:05:47]} 17. Kh1 {[%clk
00:57:41]} {[%emt 00:06:04]} Qe7 {[%clk 00:35:54]} {[%emt 00:12:53]} 18. Ne5
{[%clk 00:54:51]} {[%emt 00:03:21]} f6 {[%clk 00:33:28]} {[%emt 00:02:56]} 19.
Nxd7 {[%clk 00:54:06]} {[%emt 00:01:14]} Qxd7 {[%clk 00:33:56]} {[%emt
00:00:02]} 20. Ng2 {[%clk 00:53:02]} {[%emt 00:01:34]} Rac8 {[%clk 00:29:12]}
{[%emt 00:05:14]} 21. Rxc8 {[%clk 00:50:25]} {[%emt 00:03:07]} Rxc8 {[%clk
00:29:34]} {[%emt 00:00:08]} 22. Nf4 {[%clk 00:47:31]} {[%emt 00:03:24]} Bxf4
{[%clk 00:24:25]} {[%emt 00:05:39]} 23. exf4 {[%clk 00:47:43]} {[%emt
00:00:17]} Qc7 {[%clk 00:23:56]} {[%emt 00:01:00]} 24. f3 {[%clk 00:39:25]}
{[%emt 00:08:47]} Nd6 {[%clk 00:23:14]} {[%emt 00:01:13]} 25. Qe2 {[%clk
00:35:51]} {[%emt 00:04:03]} Qd7 {[%clk 00:19:35]} {[%emt 00:04:10]} 26. Re1
{[%clk 00:26:38]} {[%emt 00:09:43]} Re8 {[%clk 00:17:25]} {[%emt 00:02:41]} 27.
Rc1 {[%clk 00:25:43]} {[%emt 00:01:24]} Kg7 {[%clk 00:16:37]} {[%emt 00:01:18]}
28. a4 {[%clk 00:24:26]} {[%emt 00:01:47]} Rc8 {[%clk 00:14:44]} {[%emt
00:02:24]} 29. Rxc8 {[%clk 00:22:54]} {[%emt 00:02:01]} Qxc8 {[%clk 00:15:05]}
{[%emt 00:00:09]} 30. Ba3 {[%clk 00:22:19]} {[%emt 00:01:06]} Nf7 {[%clk
00:14:45]} {[%emt 00:00:49]} 31. Qd2 {[%clk 00:20:58]} {[%emt 00:01:51]} Nd8
{[%clk 00:12:31]} {[%emt 00:02:44]} 32. Kg2 {[%clk 00:17:07]} {[%emt 00:04:21]}
Kf7 {[%clk 00:11:53]} {[%emt 00:01:08]} 33. Kf2 {[%clk 00:14:33]} {[%emt
00:03:04]} Qc7 {[%clk 00:10:02]} {[%emt 00:02:20]} 34. Qd3 {[%clk 00:09:08]}
{[%emt 00:05:56]} Qa5 {[%clk 00:07:13]} {[%emt 00:03:19]} 35. Qc2 {[%clk
00:06:19]} {[%emt 00:03:19]} Nc6 {[%clk 00:07:02]} {[%emt 00:00:41]} 36. Qd3
{[%clk 00:05:07]} {[%emt 00:01:42]} Qb6 {[%clk 00:05:09]} {[%emt 00:02:23]} 37.
Bc5 {[%clk 00:04:47]} {[%emt 00:00:50]} Qc7 {[%clk 00:05:20]} {[%emt 00:00:19]}
38. Ba3 {[%clk 00:04:02]} {[%emt 00:01:16]} Na5 {[%clk 00:04:22]} {[%emt
00:01:27]} 39. Bb4 {[%clk 00:03:52]} {[%emt 00:00:39]} Qb6 {[%clk 00:00:40]}
{[%emt 00:04:13]} 40. Bxa5 {[%clk 00:02:33]} {[%emt 00:01:50]} Qxa5 {[%clk
00:01:08]} {[%emt 00:00:02]} 41. Qc2 {[%clk 00:01:03]} {[%emt 00:01:59]} Qb6
{[%clk 00:28:02]} {[%emt 00:03:35]} 42. Qd3 {[%clk 00:25:45]} {[%emt 00:05:48]}
h5 {[%clk 00:24:04]} {[%emt 00:04:28]} 43. h4 {[%clk 00:22:45]} {[%emt
00:03:30]} Ke7 {[%clk 00:20:57]} {[%emt 00:03:37]} 44. Ke2 {[%clk 00:19:23]}
{[%emt 00:03:53]} Qb4 {[%clk 00:19:45]} {[%emt 00:01:43]} 45. Qc2 {[%clk
00:14:47]} {[%emt 00:05:06]} Kd7 {[%clk 00:17:19]} {[%emt 00:02:55]} 46. Qd3
{[%clk 00:11:58]} {[%emt 00:03:19]} Kd6 {[%clk 00:16:03]} {[%emt 00:01:45]} 47.
Qe3 {[%clk 00:09:16]} {[%emt 00:03:13]} a6 {[%clk 00:13:28]} 1/2-1/2

[Event "DVM U20w 2020"]
[Site "Willingen GER"]
[Date "2021.06.26"]
[Round "5"]
[White "Wilmink, Anna"]
[Black "Relógio Stauber, Anna"]
[Result "1/2-1/2"]
[Termination "normal"]
[Board "4.3"]
[WhiteElo "1552"]
[BlackElo "1229"]
[WhiteClock "00:29:20"]
[BlackClock "00:23:23"]
[WhiteTeam "SK Nordhorn-Blanke"]
[BlackTeam "SC Borussia Lichtenberg 1"]
[PlyCount "51"]
[WhiteFideId "16273680"]
[BlackFideId "16255771"]
[EventCountry "GER"]
[EventRounds "7"]
[EventType "team-swiss"]
[EventDate "2021.06.23"]

1. e4 {[%clk 01:30:55]} {[%emt 00:00:05]} c6 {[%clk 01:30:56]} {[%emt
00:00:04]} 2. Nf3 {[%clk 01:31:16]} {[%emt 00:00:10]} d5 {[%clk 01:31:17]}
{[%emt 00:00:09]} 3. exd5 {[%clk 01:31:32]} {[%emt 00:00:13]} cxd5 {[%clk
01:31:23]} {[%emt 00:00:24]} 4. Ne5 {[%clk 01:31:33]} {[%emt 00:00:30]} Nc6
{[%clk 01:29:31]} {[%emt 00:02:22]} 5. f4 {[%clk 01:31:42]} {[%emt 00:00:21]}
Bf5 {[%clk 01:28:26]} {[%emt 00:01:36]} 6. d4 {[%clk 01:30:51]} {[%emt
00:01:21]} e6 {[%clk 01:27:19]} {[%emt 00:01:36]} 7. c3 {[%clk 01:29:46]}
{[%emt 00:01:36]} Nf6 {[%clk 01:26:39]} {[%emt 00:01:09]} 8. Bb5 {[%clk
01:28:59]} {[%emt 00:01:16]} Qb6 {[%clk 01:25:15]} {[%emt 00:01:54]} 9. Qa4
{[%clk 01:27:57]} {[%emt 00:01:32]} Rc8 {[%clk 01:24:19]} {[%emt 00:01:26]} 10.
O-O {[%clk 01:27:11]} {[%emt 00:01:17]} Bd6 {[%clk 01:23:42]} {[%emt 00:01:06]}
11. Nd2 {[%clk 01:25:11]} {[%emt 00:02:31]} O-O {[%clk 01:22:31]} {[%emt
00:01:42]} 12. Kh1 {[%clk 01:24:11]} {[%emt 00:01:29]} a6 {[%clk 01:19:19]}
{[%emt 00:03:41]} 13. Be2 {[%clk 01:23:10]} {[%emt 00:01:32]} Qc7 {[%clk
01:17:03]} {[%emt 00:02:46]} 14. g4 {[%clk 01:17:58]} {[%emt 00:05:42]} Bxe5
{[%clk 01:12:49]} {[%emt 00:04:43]} 15. fxe5 {[%clk 01:13:21]} {[%emt
00:05:08]} Nxg4 {[%clk 01:07:43]} {[%emt 00:05:36]} 16. Nf3 {[%clk 01:08:11]}
{[%emt 00:05:40]} Ne7 {[%clk 01:00:06]} {[%emt 00:08:07]} 17. h3 {[%clk
01:05:08]} {[%emt 00:03:34]} Nh6 {[%clk 01:00:07]} {[%emt 00:00:28]} 18. Bxh6
{[%clk 01:03:18]} {[%emt 00:02:20]} gxh6 {[%clk 01:00:31]} {[%emt 00:00:06]}
19. h4 {[%clk 01:00:21]} {[%emt 00:03:27]} Ng6 {[%clk 00:57:40]} {[%emt
00:03:20]} 20. Qd1 {[%clk 00:55:49]} {[%emt 00:05:02]} Be4 {[%clk 00:51:15]}
{[%emt 00:06:56]} 21. Rg1 {[%clk 00:50:55]} {[%emt 00:05:24]} Kh8 {[%clk
00:49:37]} {[%emt 00:02:08]} 22. Bd3 {[%clk 00:48:38]} {[%emt 00:02:48]} Bxd3
{[%clk 00:43:45]} {[%emt 00:06:22]} 23. Qxd3 {[%clk 00:47:58]} {[%emt
00:01:08]} f6 {[%clk 00:39:01]} {[%emt 00:05:14]} 24. h5 {[%clk 00:35:54]}
{[%emt 00:12:35]} Nf4 {[%clk 00:29:28]} {[%emt 00:10:04]} 25. Qe3 {[%clk
00:34:45]} {[%emt 00:01:38]} Nxh5 {[%clk 00:23:23]} {[%emt 00:06:35]} 26. Qxh6
{[%clk 00:29:20]} {[%emt 00:05:51]} 1/2-1/2

[Event "DVM U20w 2020"]
[Site "Willingen GER"]
[Date "2021.06.26"]
[Round "5"]
[White "Hafermann, Lara"]
[Black "Wolterink, Jule"]
[Result "1/2-1/2"]
[Termination "normal"]
[Board "4.4"]
[WhiteElo "1323"]
[BlackElo "1441"]
[WhiteClock "00:13:54"]
[BlackClock "00:16:53"]
[WhiteTeam "SC Borussia Lichtenberg 1"]
[BlackTeam "SK Nordhorn-Blanke"]
[PlyCount "108"]
[WhiteFideId "16298306"]
[BlackFideId "12981206"]
[EventCountry "GER"]
[EventRounds "7"]
[EventType "team-swiss"]
[EventDate "2021.06.23"]

1. c4 {[%clk 01:30:54]} {[%emt 00:00:06]} e6 {[%clk 01:30:47]} {[%emt
00:00:13]} 2. Nf3 {[%clk 01:31:15]} {[%emt 00:00:08]} b6 {[%clk 01:30:49]}
{[%emt 00:00:29]} 3. b3 {[%clk 01:31:32]} {[%emt 00:00:13]} Bb7 {[%clk
01:30:32]} {[%emt 00:00:47]} 4. Nc3 {[%clk 01:31:23]} {[%emt 00:00:39]} Nf6
{[%clk 01:30:34]} {[%emt 00:00:28]} 5. Bb2 {[%clk 01:30:41]} {[%emt 00:01:12]}
Be7 {[%clk 01:30:19]} {[%emt 00:00:45]} 6. g3 {[%clk 01:30:09]} {[%emt
00:01:02]} d6 {[%clk 01:29:12]} {[%emt 00:01:38]} 7. Bg2 {[%clk 01:30:16]}
{[%emt 00:00:22]} Nbd7 {[%clk 01:27:47]} {[%emt 00:01:56]} 8. O-O {[%clk
01:29:37]} {[%emt 00:01:08]} O-O {[%clk 01:26:43]} {[%emt 00:01:35]} 9. Qc2
{[%clk 01:27:42]} {[%emt 00:02:25]} c5 {[%clk 01:23:10]} {[%emt 00:04:03]} 10.
e3 {[%clk 01:26:29]} {[%emt 00:01:42]} Rc8 {[%clk 01:16:39]} {[%emt 00:07:01]}
11. Ne2 {[%clk 01:21:58]} {[%emt 00:05:02]} Rc7 {[%clk 01:06:41]} {[%emt
00:10:28]} 12. Ng5 {[%clk 01:02:28]} {[%emt 00:19:59]} Bxg2 {[%clk 01:00:46]}
{[%emt 00:06:25]} 13. Kxg2 {[%clk 01:00:52]} {[%emt 00:02:06]} Qa8+ {[%clk
01:00:22]} {[%emt 00:00:55]} 14. f3 {[%clk 00:55:57]} {[%emt 00:05:24]} h6
{[%clk 00:57:20]} {[%emt 00:03:32]} 15. Nh3 {[%clk 00:51:38]} {[%emt 00:04:49]}
d5 {[%clk 00:53:11]} {[%emt 00:04:40]} 16. d3 {[%clk 00:48:36]} {[%emt
00:03:31]} e5 {[%clk 00:47:00]} {[%emt 00:06:41]} 17. e4 {[%clk 00:47:09]}
{[%emt 00:01:58]} d4 {[%clk 00:41:34]} {[%emt 00:05:56]} 18. Nf2 {[%clk
00:42:22]} {[%emt 00:05:16]} Nh7 {[%clk 00:37:12]} {[%emt 00:04:52]} 19. g4
{[%clk 00:38:12]} {[%emt 00:04:40]} Rc6 {[%clk 00:34:13]} {[%emt 00:03:29]} 20.
Ng3 {[%clk 00:37:10]} {[%emt 00:01:32]} Bh4 {[%clk 00:32:02]} {[%emt 00:02:41]}
21. Nf5 {[%clk 00:35:44]} {[%emt 00:01:56]} Qd8 {[%clk 00:31:20]} {[%emt
00:01:12]} 22. Nh3 {[%clk 00:33:33]} {[%emt 00:02:41]} Rg6 {[%clk 00:27:56]}
{[%emt 00:03:54]} 23. Nxh4 {[%clk 00:32:17]} {[%emt 00:01:46]} Qxh4 {[%clk
00:28:01]} {[%emt 00:00:26]} 24. Qf2 {[%clk 00:32:12]} {[%emt 00:00:34]} Qxf2+
{[%clk 00:28:09]} {[%emt 00:00:22]} 25. Nxf2 {[%clk 00:31:46]} {[%emt
00:00:56]} h5 {[%clk 00:21:57]} {[%emt 00:06:42]} 26. h4 {[%clk 00:24:08]}
{[%emt 00:08:07]} hxg4 {[%clk 00:18:26]} {[%emt 00:04:03]} 27. fxg4 {[%clk
00:24:28]} {[%emt 00:00:10]} f5 {[%clk 00:12:18]} {[%emt 00:06:38]} 28. g5
{[%clk 00:20:23]} {[%emt 00:04:34]} f4 {[%clk 00:11:34]} {[%emt 00:01:15]} 29.
Kf3 {[%clk 00:20:08]} {[%emt 00:00:45]} Kf7 {[%clk 00:10:27]} {[%emt 00:01:36]}
30. Rg1 {[%clk 00:12:57]} {[%emt 00:07:42]} Rh8 {[%clk 00:10:17]} {[%emt
00:00:39]} 31. Rg2 {[%clk 00:12:39]} {[%emt 00:00:48]} Nhf8 {[%clk 00:10:07]}
{[%emt 00:00:40]} 32. Rh1 {[%clk 00:12:43]} {[%emt 00:00:26]} Re6 {[%clk
00:07:54]} {[%emt 00:02:43]} 33. h5 {[%clk 00:12:06]} {[%emt 00:01:07]} Nb8
{[%clk 00:04:56]} {[%emt 00:03:28]} 34. Bc1 {[%clk 00:10:10]} {[%emt 00:02:26]}
Nc6 {[%clk 00:04:15]} {[%emt 00:01:11]} 35. Bd2 {[%clk 00:10:22]} {[%emt
00:00:18]} a5 {[%clk 00:03:47]} {[%emt 00:00:58]} 36. a3 {[%clk 00:09:03]}
{[%emt 00:01:49]} g6 {[%clk 00:03:28]} {[%emt 00:00:49]} 37. h6 {[%clk
00:08:14]} {[%emt 00:01:19]} Nh7 {[%clk 00:03:48]} {[%emt 00:00:10]} 38. Rb1
{[%clk 00:08:10]} {[%emt 00:00:35]} Ra8 {[%clk 00:03:49]} {[%emt 00:00:29]} 39.
Nh3 {[%clk 00:07:28]} {[%emt 00:01:11]} Re7 {[%clk 00:03:53]} {[%emt 00:00:26]}
40. Be1 {[%clk 00:07:13]} {[%emt 00:00:45]} Rea7 {[%clk 00:03:58]} {[%emt
00:00:25]} 41. Rgb2 {[%clk 00:07:05]} {[%emt 00:00:38]} Ke6 {[%clk 00:28:52]}
{[%emt 00:05:36]} 42. b4 {[%clk 00:36:04]} {[%emt 00:01:32]} axb4 {[%clk
00:28:44]} {[%emt 00:00:37]} 43. axb4 {[%clk 00:36:18]} {[%emt 00:00:16]} Ra3
{[%clk 00:25:42]} {[%emt 00:03:33]} 44. Rb3 {[%clk 00:27:48]} {[%emt 00:08:59]}
Rxb3 {[%clk 00:24:52]} {[%emt 00:01:21]} 45. Rxb3 {[%clk 00:28:11]} {[%emt
00:00:06]} Ra2 {[%clk 00:24:59]} {[%emt 00:00:23]} 46. b5 {[%clk 00:25:05]}
{[%emt 00:03:36]} Na5 {[%clk 00:23:05]} {[%emt 00:02:25]} 47. Bxa5 {[%clk
00:20:49]} {[%emt 00:04:46]} Rxa5 {[%clk 00:23:29]} {[%emt 00:00:05]} 48. Rb2
{[%clk 00:20:06]} {[%emt 00:01:13]} Kd7 {[%clk 00:23:26]} {[%emt 00:00:34]} 49.
Rg2 {[%clk 00:13:11]} {[%emt 00:07:23]} Ra3 {[%clk 00:20:25]} {[%emt 00:03:32]}
50. Nf2 {[%clk 00:13:16]} {[%emt 00:00:25]} Ke7 {[%clk 00:19:46]} {[%emt
00:01:09]} 51. Kg4 {[%clk 00:13:16]} {[%emt 00:00:30]} Ra2 {[%clk 00:17:49]}
{[%emt 00:02:27]} 52. Kf3 {[%clk 00:13:22]} {[%emt 00:00:24]} Ra3 {[%clk
00:17:57]} {[%emt 00:00:22]} 53. Kg4 {[%clk 00:13:34]} {[%emt 00:00:18]} Ra2
{[%clk 00:17:34]} {[%emt 00:00:53]} 54. Kf3 {[%clk 00:13:54]} {[%emt 00:00:10]}
Ra3 {[%clk 00:16:53]} {[%emt 00:00:40]} 1/2-1/2

[Event "DVM U20w 2020"]
[Site "Willingen GER"]
[Date "2021.06.26"]
[Round "5"]
[White "Bräutigam, Katerina"]
[Black "Mundt, Alexandra"]
[Result "1/2-1/2"]
[Termination "normal"]
[Board "5.1"]
[WhiteElo "1718"]
[BlackElo "1768"]
[WhiteClock "00:05:49"]
[BlackClock "00:01:09"]
[WhiteTeam "Elmshorner SC von 1896"]
[BlackTeam "SK Doppelbauer Kiel"]
[PlyCount "66"]
[WhiteFideId "16242980"]
[BlackFideId "16217276"]
[EventCountry "GER"]
[EventRounds "7"]
[EventType "team-swiss"]
[EventDate "2021.06.23"]

1. e4 e5 {[%emt 0:00:06]} 2. Nf3 {[%emt 0:00:04]} Nf6 {[%emt 0:00:09]} 3. Nxe5
{[%emt 0:00:07]} d6 {[%emt 0:00:08]} 4. Nf3 {[%emt 0:00:06]} Nxe4 {[%emt 0:00:
09]} 5. Nc3 {[%emt 0:00:05]} Nf6 {[%emt 0:00:23]} 6. h3 {[%emt 0:01:02]} Nc6 {
[%emt 0:01:29]} 7. d4 {[%emt 0:00:24]} d5 {[%emt 0:00:05]} 8. Bb5 {[%emt 0:02:
05]} Bd7 {[%emt 0:03:03]} 9. Bg5 {[%emt 0:02:29]} Qe7+ {[%emt 0:15:52]} 10. Kf1
{[%emt 0:18:29]} Qd6 {[%emt 0:06:20]} 11. Bxf6 {[%emt 0:05:29]} gxf6 {[%emt 0:
00:11]} 12. Qe2+ {[%emt 0:00:24]} Be7 {[%emt 0:00:30]} 13. Re1 {[%emt 0:01:37]}
Be6 {[%emt 0:03:33]} 14. Nh4 {[%emt 0:07:44]} O-O-O {[%emt 0:01:38]} 15. Nf5 {
[%emt 0:06:07]} Bxf5 {[%emt 0:03:41]} 16. Bxc6 {[%emt 0:00:48]} Qxc6 {[%emt 0:
00:21]} 17. Qxe7 {[%emt 0:01:19]} Rhe8 {[%emt 0:05:24]} 18. Qc5 {[%emt 0:16:25]
} Qxc5 {[%emt 0:05:23]} 19. dxc5 {[%emt 0:00:10]} Rxe1+ {[%emt 0:00:07]} 20.
Kxe1 {[%emt 0:00:09]} Bxc2 {[%emt 0:00:05]} 21. Kd2 {[%emt 0:00:27]} Bf5 {
[%emt 0:03:35]} 22. Re1 {[%emt 0:00:44]} Be6 {[%emt 0:01:07]} 23. Nb5 {[%emt 0:
01:22]} c6 {[%emt 0:23:04]} 24. Nd6+ {[%emt 0:04:13]} Kc7 {[%emt 0:00:18]} 25.
Re3 {[%emt 0:02:59]} b6 {[%emt 0:08:46]} 26. b4 {[%emt 0:01:10]} a5 {[%emt 0:
04:09]} 27. a3 {[%emt 0:01:10]} axb4 {[%emt 0:04:40]} 28. axb4 {[%emt 0:00:58]}
Ra8 {[%emt 0:02:42]} 29. Nxf7 {[%emt 0:06:00]} Ra2+ {[%emt 0:00:58]} 30. Ke1 {
[%emt 0:03:02]} Bd7 {[%emt 0:00:43]} 31. Rf3 {[%emt 0:05:40]} f5 {[%emt 0:02:
16]} 32. Ne5 {[%emt 0:06:57]} bxc5 {[%emt 0:00:46]} 33. bxc5 {[%emt 0:01:11]}
Bc8 {[%emt 0:04:24] normal} 1/2-1/2